000 00714nam a2200217Ia 4500
003 GCL
008 140319s9999 xx 000 0 ara d
040 _aGCL /
_cGCL
082 0 4 _a213.9
_bهـ ا
100 1 _aهشام جعيط
245 1 0 _aاوربا والاسلام : صدام الثقافة والحداثة /
_cهشام جعيط
260 _aبيروت :
_bدار الطليعة ،
_c1995
300 _a128 ص
490 _aالسياسة والمجتمع
_v0
650 0 4 _aالدين الاسلامى
650 0 4 _aالثقافة الاسلامية
650 0 4 _aالحضارة الاوربية
650 0 4 _aالاستشراق
650 0 4 _aالحضارة الاسلامية
942 _2ddc
_cBK
999 _c48421
_d48421